[Event "First Saturday 2011 aprilis IM"]
[Site "Budapest"]
[Date "2011.04.02"]
[Round "1"]
[White "Csonka, Balazs"]
[Black "Brustkern, Juergen"]
[Result "1/2-1/2"]
[WhiteElo "2188"]
[BlackElo "2275"]
[PlyCount "90"]
[EventDate "2011.04.02"]

1. d4 Nf6 2. c4 g6 3. Nc3 Bg7 4. e4 O-O 5. f3 d6 6. Nge2 c6 7. Be3 a6 8. Qd2 b5
9. Ng3 bxc4 10. Bxc4 d5 11. exd5 Nxd5 12. Bxd5 cxd5 13. O-O Nc6 14. Rfd1 h5 15.
h3 Rb8 16. Rac1 e6 17. b3 h4 18. Nge2 Bf6 19. Na4 Ne7 20. Bf4 Rb7 21. Bg5 Bxg5
22. Qxg5 Nf5 23. Qxd8 Rxd8 24. Kf2 Ra7 25. Nc5 a5 26. Rd2 Bd7 27. a4 Rb8 28.
Rc3 Kg7 29. Rdc2 Bc8 30. Rd2 Ba6 31. Nxa6 Rxa6 32. Nc1 Rb4 33. Ne2 Rab6 34.
Rdd3 Kf6 35. Ke1 Ke7 36. Kd2 Kd6 37. Kc2 Rb8 38. Rd2 f6 39. Rcd3 Kd7 40. Rc3
Kd6 41. Rcd3 g5 42. Rd1 R4b7 43. R1d2 Rc7+ 44. Kb2 Rcb7 45. Kc2 Rc7+ 1/2-1/2

[Event "First Saturday 2011 aprilis IM"]
[Site "Budapest"]
[Date "2011.04.02"]
[Round "1"]
[White "Lamorelle, Julien"]
[Black "Kantor, Gergely"]
[Result "1-0"]
[WhiteElo "2342"]
[BlackElo "2147"]
[PlyCount "39"]
[EventDate "2011.04.02"]

1. e4 e6 2. d4 d5 3. Nc3 Nf6 4. e5 Nfd7 5. f4 c5 6. Nf3 Nc6 7. Be3 Be7 8. Qd2
O-O 9. O-O-O c4 10. f5 b5 11. fxe6 fxe6 12. Nxb5 Rb8 13. Nd6 Bxd6 14. exd6 Nf6
15. c3 Qa5 16. a3 Ne4 17. Qc2 Rb3 18. Bxc4 dxc4 19. Qxe4 Qd5 20. Nd2 {
after 6 move} 1-0

[Event "First Saturday 2011 aprilis IM"]
[Site "Budapest"]
[Date "2011.04.02"]
[Round "1"]
[White "Hirneise, Tobias"]
[Black "Nagy, Ervin dr"]
[Result "1-0"]
[WhiteElo "2431"]
[BlackElo "2261"]
[PlyCount "59"]
[EventDate "2011.04.02"]

1. e4 d6 2. d4 Nf6 3. Nc3 g6 4. f4 Bg7 5. Nf3 O-O 6. e5 dxe5 7. fxe5 Nd5 8. Bc4
Nb6 9. Bb3 Nc6 10. a4 Bg4 11. a5 Bxf3 12. gxf3 e6 13. h4 Nc8 14. Ne2 N8e7 15.
h5 Nf5 16. c3 Re8 17. hxg6 hxg6 18. Bf4 g5 19. Bg3 Nce7 20. Qd2 Ng6 21. Bf2
Nfh4 22. Bxh4 gxh4 23. Bc2 f5 24. exf6 Qxf6 25. Rg1 Nf8 26. O-O-O Re7 27. Rg4
Rd8 28. Rh1 Qxf3 29. Rgxh4 Bf6 30. Be4 1-0

[Event "First Saturday 2011 aprilis IM"]
[Site "Budapest"]
[Date "2011.04.02"]
[Round "1"]
[White "Papp, Petra"]
[Black "Lengyel, Bela"]
[Result "0-1"]
[WhiteElo "2230"]
[BlackElo "2296"]
[PlyCount "146"]
[EventDate "2011.04.02"]

1. e4 e5 2. Nf3 Nc6 3. Bb5 a6 4. Ba4 Nf6 5. O-O Be7 6. Re1 b5 7. Bb3 d6 8. c3
O-O 9. h3 Na5 10. Bc2 c5 11. d4 Qc7 12. Nbd2 Nc6 13. d5 Na5 14. b3 Bd7 15. Nf1
Nb7 16. c4 Rfb8 17. Ng3 g6 18. Nh2 bxc4 19. bxc4 Na5 20. Bd3 Rb4 21. Bd2 Rab8
22. Bxb4 cxb4 23. Rb1 Qc5 24. Qd2 Rb6 25. Qe3 Nb7 26. Nhf1 a5 27. Nd2 Qxe3 28.
fxe3 Ne8 29. Ne2 Nc5 30. Bc2 a4 31. Nc1 Nc7 32. Nd3 N7a6 33. Nxc5 Nxc5 34. Rb2
Bg5 35. Kf1 Bh4 36. Reb1 Na6 37. Rc1 Rb8 38. Ke2 Bd8 39. Nf3 Nc5 40. Nd2 Ba5
41. Nb1 Rb7 42. a3 b3 43. Bd3 f5 44. Nd2 Rb8 45. Rf1 Rf8 46. Rbb1 Kg7 47. Rf2
f4 48. exf4 exf4 49. Rbf1 g5 50. e5 dxe5 51. Ne4 Nxe4 52. Bxe4 Bb6 53. Rf3 Bc5
54. Ra1 Rb8 55. Rd3 h5 56. Kd2 Kf6 57. Kc3 Bf5 58. Bxf5 Kxf5 59. d6 Ke6 60. d7
Bd4+ 61. Rxd4 exd4+ 62. Kxd4 Kxd7 63. Kd5 b2 64. Rb1 g4 65. hxg4 hxg4 66. Ke4
f3 67. gxf3 g3 68. Ke3 Kd6 69. f4 Kc5 70. Kf3 Kxc4 71. f5 Kb3 72. f6 Kxa3 73.
f7 Rf8 0-1

[Event "First Saturday 2011 aprilis IM"]
[Site "Budapest"]
[Date "2011.04.02"]
[Round "1"]
[White "Tran, Tuan Minh"]
[Black "Battey, Alexander"]
[Result "1-0"]
[WhiteElo "2295"]
[BlackElo "2260"]
[PlyCount "103"]
[EventDate "2011.04.02"]

1. d4 Nf6 2. Bf4 g6 3. e3 Bg7 4. Nf3 d6 5. h3 O-O 6. Be2 c5 7. c3 cxd4 8. exd4
b6 9. O-O Bb7 10. Nbd2 Nc6 11. Re1 Qd7 12. Nc4 Rac8 13. Qb3 Nd8 14. Ne3 Ne6 15.
Bh2 Nh5 16. Nd5 Nf6 17. Nxf6+ Bxf6 18. Rad1 Ng5 19. Nxg5 Bxg5 20. Bg4 Qc6 21.
d5 Qc5 22. Bxc8 Rxc8 23. Qa4 b5 24. Qg4 Bf6 25. Bf4 h5 26. Qf3 Kg7 27. Be3 Qc4
28. Bd4 e5 29. Be3 Be7 30. b3 Qxc3 31. Rc1 Qa5 32. Kh2 Rxc1 33. Rxc1 b4 34. Qe4
Bxd5 35. Qc2 Bd8 36. Qd2 Be7 37. Rc8 Be6 38. Re8 Qc7 39. Qxb4 a5 40. Qb6 Qd7
41. Ra8 d5 42. Bc5 d4 43. Qb8 Kf6 44. Ra7 Bxc5 45. Rxd7 Bxd7 46. Qd8+ Ke6 47.
Qxa5 Bd6 48. Kg1 d3 49. Qc3 e4 50. a4 f5 51. Qc4+ Ke5 52. a5 1-0

[Event "First Saturday 2011 aprilis IM"]
[Site "Budapest"]
[Date "2011.04.03"]
[Round "2"]
[White "Lengyel, Bela"]
[Black "Tran, Tuan Minh"]
[Result "1-0"]
[WhiteElo "2296"]
[BlackElo "2295"]
[PlyCount "87"]
[EventDate "2011.04.02"]

1. e4 e6 2. d4 d5 3. Nc3 Bb4 4. e5 c5 5. a3 Bxc3+ 6. bxc3 Qc7 7. Qd2 b6 8. Nf3
cxd4 9. cxd4 Ba6 10. Bd3 Ne7 11. a4 Bxd3 12. cxd3 Nbc6 13. O-O O-O 14. Ba3 Rfc8
15. h4 Qd7 16. h5 h6 17. Rfb1 Rf8 18. Qf4 f6 19. Qg4 fxe5 20. dxe5 Rf5 21. Bc1
Kh7 22. Nh4 Rf7 23. Ng6 Rf5 24. Nh4 Rf7 25. f4 Nd4 26. Bd2 Nef5 27. Ng6 Rc8 28.
Ra2 Kg8 29. a5 b5 30. a6 Rc6 31. Qd1 Rc7 32. g4 Ne7 33. Be3 Ndc6 34. Rxb5 Nxg6
35. hxg6 Rf8 36. Rc2 d4 37. Bd2 Rfc8 38. Qe2 Nd8 39. Rxc7 Rxc7 40. Rb8 Rc8 41.
Rb1 Qc6 42. f5 Qxa6 43. f6 Rc7 44. g5 1-0

[Event "First Saturday 2011 aprilis IM"]
[Site "Budapest"]
[Date "2011.04.03"]
[Round "2"]
[White "Nagy, Ervin dr"]
[Black "Papp, Petra"]
[Result "1-0"]
[WhiteElo "2261"]
[BlackElo "2230"]
[PlyCount "141"]
[EventDate "2011.04.02"]

1. Nf3 d5 2. c4 e6 3. b3 Nf6 4. Bb2 c5 5. g3 Nc6 6. Bg2 d4 7. O-O Be7 8. d3 O-O
9. a3 e5 10. Ne1 Be6 11. e4 Qd7 12. Nd2 Bh3 13. Nc2 Bxg2 14. Kxg2 Ne8 15. Qe2
a6 16. Rfb1 f5 17. exf5 Rxf5 18. Rf1 Nc7 19. Rae1 Raf8 20. Bc1 g6 21. Ne4 Ne6
22. f3 b6 23. Bd2 Ncd8 24. Bh6 Re8 25. h4 Nf7 26. Bc1 Rf8 27. Kg1 Nd6 28. Nxd6
Bxd6 29. Qe4 Ng7 30. Qd5+ Kh8 31. Bh6 e4 32. Qxe4 Bxg3 33. Qe7 R8f7 34. Qxd7
Rxd7 35. Re4 Kg8 36. Kg2 Bd6 37. Rf2 Re7 38. Rfe2 Rxe4 39. Rxe4 Kf7 40. Bxg7
Kxg7 41. Re6 Rf6 42. Re4 Kf7 43. Ne1 Bf4 44. Kf2 Bd2 45. Ng2 Re6 46. Kg3 Kf6
47. Kg4 Rxe4+ 48. fxe4 h5+ 49. Kf3 g5 50. hxg5+ Kxg5 51. Kg3 Bc1 52. a4 Bd2 53.
Kh3 Be3 54. Kg3 Bd2 55. Kh3 Be3 56. Nh4 Bf2 57. Nf5 Kf4 58. Nd6 h4 59. Nc8 Bg3
60. e5 Kxe5 61. Nxb6 Kf4 62. Nd7 Ke3 63. Nxc5 Bd6 64. Nxa6 Kxd3 65. c5 Bg3 66.
c6 Kc2 67. Nc5 d3 68. Nxd3 Kxd3 69. a5 Ke4 70. a6 Kd5 71. a7 1-0

[Event "First Saturday 2011 aprilis IM"]
[Site "Budapest"]
[Date "2011.04.03"]
[Round "2"]
[White "Kantor, Gergely"]
[Black "Hirneise, Tobias"]
[Result "0-1"]
[WhiteElo "2147"]
[BlackElo "2431"]
[PlyCount "84"]
[EventDate "2011.04.02"]

1. d4 Nf6 2. c4 e6 3. Nc3 Bb4 4. Qc2 c5 5. dxc5 O-O 6. a3 Bxc5 7. Nf3 Nc6 8.
Bg5 h6 9. Bh4 Be7 10. e3 b6 11. Be2 Bb7 12. O-O Rc8 13. b4 a5 14. b5 Nb8 15.
Rfd1 d6 16. Qd2 Nbd7 17. Bg3 Nc5 18. Qe1 Nfe4 19. Nxe4 Nxe4 20. Be5 Qc7 21. Bb2
e5 22. Nd2 Nc5 23. a4 f5 24. Nb1 f4 25. Bg4 Bh4 26. g3 fxg3 27. hxg3 Be7 28.
Nc3 Ne4 29. Nxe4 Bxe4 30. Be6+ Kh8 31. Bd5 Bf3 32. Rd2 Rf5 33. Bxf3 Rxf3 34.
Rc1 Rcf8 35. Rcc2 Qc8 36. Kg2 Qg4 37. e4 h5 38. Re2 h4 39. Re3 Bg5 40. Rxf3
Qxf3+ 41. Kh3 hxg3 42. fxg3 Rf6 0-1

[Event "First Saturday 2011 aprilis IM"]
[Site "Budapest"]
[Date "2011.04.03"]
[Round "2"]
[White "Csonka, Balazs"]
[Black "Oparin, Grigoriy"]
[Result "0-1"]
[WhiteElo "2188"]
[BlackElo "2345"]
[PlyCount "90"]
[EventDate "2011.04.02"]

1. d4 Nf6 2. c4 e6 3. Nc3 d5 4. cxd5 exd5 5. Bg5 Be7 6. e3 O-O 7. Bd3 c6 8. Qc2
Nbd7 9. Nge2 Re8 10. O-O Nf8 11. f3 g6 12. Rad1 Ne6 13. Bh4 b6 14. h3 Bb7 15.
Bf2 Rc8 16. e4 Nh5 17. Be3 Bh4 18. Qd2 Ng3 19. Nxg3 Bxg3 20. Ne2 dxe4 21. fxe4
Bh4 22. Bc4 Rc7 23. g3 Bf6 24. e5 Bg7 25. Nf4 Nxf4 26. Rxf4 Bc8 27. Rdf1 Be6
28. Bxe6 Rxe6 29. R4f2 Qd5 30. b3 Rd7 31. Rc1 h5 32. Kh2 h4 33. gxh4 Bxe5+ 34.
Kg1 Bg3 35. Rg2 Bxh4 36. Rf1 Bf6 37. Qf2 Bxd4 38. Bxd4 Qxd4 39. Qxd4 Rxd4 40.
Rf3 Rde4 41. Rff2 a5 42. Kh2 c5 43. Rc2 Kg7 44. Rgf2 R6e5 45. Kg2 Re3 0-1

[Event "First Saturday 2011 aprilis IM"]
[Site "Budapest"]
[Date "2011.04.04"]
[Round "3"]
[White "Oparin, Grigoriy"]
[Black "Brustkern, Juergen"]
[Result "1-0"]
[WhiteElo "2345"]
[BlackElo "2275"]
[PlyCount "91"]
[EventDate "2011.04.02"]

1. e4 c5 2. Nf3 Nc6 3. Nc3 d6 4. d4 cxd4 5. Nxd4 Nf6 6. Bg5 e6 7. Qd2 a6 8.
O-O-O Bd7 9. f3 h6 10. Be3 h5 11. Kb1 Be7 12. Qf2 Qc7 13. Bd3 Ne5 14. Nb3 b5
15. Bb6 Qc8 16. f4 Nxd3 17. cxd3 b4 18. Ne2 a5 19. Bxa5 d5 20. e5 Ng4 21. Qb6
Ra6 22. Qd4 Qa8 23. Bxb4 Bxb4 24. Qxb4 Rxa2 25. Rd2 Ra7 26. Ned4 Rb7 27. Qd6
Qb8 28. Qxb8+ Rxb8 29. h3 Nh6 30. Rc1 O-O 31. Nc5 Bb5 32. Rc3 Rfc8 33. b3 Be8
34. Kb2 h4 35. Na6 Rxc3 36. Nxb8 Rc8 37. Na6 Bd7 38. b4 Nf5 39. Nxf5 exf5 40.
Nc5 Bb5 41. Kc3 Ra8 42. Kd4 Kf8 43. Nb7 g6 44. Nd6 Rb8 45. Ra2 Bd7 46. b5 1-0

[Event "First Saturday 2011 aprilis IM"]
[Site "Budapest"]
[Date "2011.04.04"]
[Round "3"]
[White "Lamorelle, Julien"]
[Black "Csonka, Balazs"]
[Result "1/2-1/2"]
[WhiteElo "2342"]
[BlackElo "2188"]
[PlyCount "114"]
[EventDate "2011.04.02"]

1. e4 c6 2. d4 d5 3. Nc3 dxe4 4. Nxe4 Bf5 5. Ng3 Bg6 6. Nf3 Nd7 7. h4 h6 8. h5
Bh7 9. Bd3 Bxd3 10. Qxd3 e6 11. Bf4 Qa5+ 12. Bd2 Bb4 13. c3 Be7 14. c4 Qc7 15.
d5 cxd5 16. cxd5 Qd6 17. Qb3 Ngf6 18. dxe6 Qxe6+ 19. Qxe6 fxe6 20. O-O Kf7 21.
Rad1 Rac8 22. Bc3 Rhd8 23. Rfe1 Bc5 24. Nd4 Bxd4 25. Bxd4 a6 26. Rc1 Re8 27. f3
Red8 28. Kf2 Re8 29. a4 Red8 30. b4 b5 31. axb5 axb5 32. Red1 Nd5 33. Ne4 Rxc1
34. Rxc1 N7f6 35. Nxf6 gxf6 36. Be3 Kg7 37. Rc5 Rb8 38. Rc6 Re8 39. Ra6 Nxb4
40. Ra7+ Kg8 41. Bxh6 Nd5 42. Rg7+ Kh8 43. Rb7 b4 44. Bd2 Rc8 45. Bxb4 Rc2+ 46.
Kg1 Rb2 47. Rb8+ Kg7 48. Bd6 Rxb8 49. Bxb8 f5 50. Be5+ Kh6 51. g4 fxg4 52. fxg4
Kg5 53. Kf2 Kxg4 54. h6 Ne7 55. h7 Ng6 56. Ke3 Kf5 57. h8=Q Nxh8 1/2-1/2

[Event "First Saturday 2011 aprilis IM"]
[Site "Budapest"]
[Date "2011.04.04"]
[Round "3"]
[White "Hirneise, Tobias"]
[Black "To, Nhat Minh"]
[Result "1-0"]
[WhiteElo "2431"]
[BlackElo "2345"]
[PlyCount "47"]
[EventDate "2011.04.02"]

1. d4 d5 2. c4 c6 3. Nf3 Nf6 4. Nc3 a6 5. a4 e6 6. Bg5 h6 7. Bxf6 Qxf6 8. e3
Qd8 9. Bd3 a5 10. O-O Na6 11. Ne5 Bd6 12. f4 O-O 13. Rf3 Nb4 14. Rg3 Nxd3 15.
Qxd3 Bxe5 16. fxe5 f5 17. Ne2 Qb6 18. c5 Qc7 19. Nf4 b6 20. cxb6 Qxb6 21. Qa3
c5 22. Rc1 cxd4 23. Qe7 g5 24. Rc7 1-0

[Event "First Saturday 2011 aprilis IM"]
[Site "Budapest"]
[Date "2011.04.04"]
[Round "3"]
[White "Papp, Petra"]
[Black "Kantor, Gergely"]
[Result "1/2-1/2"]
[WhiteElo "2230"]
[BlackElo "2147"]
[PlyCount "89"]
[EventDate "2011.04.02"]

1. e4 e6 2. d4 d5 3. Nc3 Nf6 4. e5 Nfd7 5. f4 c5 6. Nf3 Nc6 7. Be3 a6 8. Qd2 b5
9. a3 Qb6 10. Ne2 Qc7 11. g3 cxd4 12. Nexd4 Nc5 13. Nxc6 Ne4 14. Qe2 Qxc6 15.
Nd4 Qc7 16. Bg2 Bb7 17. O-O Bc5 18. c3 O-O 19. Nb3 Bb6 20. Rfe1 Rfd8 21. Bxb6
Qxb6+ 22. Qe3 Qc7 23. Rad1 Rac8 24. Bxe4 dxe4 25. Rxd8+ Rxd8 26. Nc5 g6 27. Kf2
Qb6 28. Nxb7 Qxb7 29. Re2 Rd3 30. Qxe4 Qb6+ 31. Kg2 Rd1 32. Kh3 h6 33. Qg2 Qd8
34. Qf3 h5 35. Re4 Qd5 36. Qg2 Rb1 37. Re2 Qd3 38. Qf2 Rg1 39. Qxg1 Qxe2 40. b4
Qg4+ 41. Kg2 Qe2+ 42. Qf2 Qe4+ 43. Qf3 Qc2+ 44. Kh3 Qf5+ 45. Kg2 1/2-1/2

[Event "First Saturday 2011 aprilis IM"]
[Site "Budapest"]
[Date "2011.04.04"]
[Round "3"]
[White "Tran, Tuan Minh"]
[Black "Nagy, Ervin dr"]
[Result "1-0"]
[WhiteElo "2295"]
[BlackElo "2261"]
[PlyCount "109"]
[EventDate "2011.04.02"]

1. d4 Nf6 2. Bf4 e6 3. e3 c5 4. c3 b6 5. Nd2 cxd4 6. exd4 Nc6 7. Ngf3 Be7 8.
Bd3 Bb7 9. O-O d6 10. Qe2 O-O 11. Rfe1 Re8 12. Rad1 Nh5 13. Be3 g6 14. Ne4 d5
15. Neg5 Qd6 16. Nh3 Bf8 17. Bc1 Bg7 18. Ne5 f5 19. Ng5 Nd8 20. Nh3 a6 21. Nf4
Bxe5 22. dxe5 Nxf4 23. Bxf4 Qc6 24. f3 b5 25. a3 Rc8 26. h4 Qc7 27. Bb1 Nf7 28.
Rd4 Qe7 29. Qf2 Rc4 30. Red1 Rec8 31. Ba2 Rxd4 32. Rxd4 Kg7 33. Qg3 h6 34. Be3
g5 35. hxg5 hxg5 36. Rh4 Rh8 37. Rxh8 Kxh8 38. Bb1 Kg7 39. Qh3 Kf8 40. Qh7 Ke8
41. g4 f4 42. Bd4 Nd8 43. Qg8+ Kd7 44. b4 Kc7 45. Bc5 Qd7 46. Qxg5 d4 47. cxd4
Bxf3 48. Qxf4 Bc6 49. Bd6+ Kb6 50. g5 Qe8 51. Qf8 Nf7 52. Bc5+ Kc7 53. g6 Ng5
54. g7 Nf3+ 55. Kf2 1-0

[Event "First Saturday 2011 aprilis IM"]
[Site "Budapest"]
[Date "2011.04.04"]
[Round "3"]
[White "Battey, Alexander"]
[Black "Lengyel, Bela"]
[Result "0-1"]
[WhiteElo "2260"]
[BlackElo "2296"]
[PlyCount "86"]
[EventDate "2011.04.02"]

1. d4 d5 2. c4 e6 3. Nc3 Nf6 4. cxd5 exd5 5. Bg5 Be7 6. e3 c6 7. Qc2 Nbd7 8.
Bd3 O-O 9. Nge2 Re8 10. O-O-O Nf8 11. h3 Be6 12. Kb1 Rc8 13. Rc1 b5 14. g4 a6
15. Rhd1 N6d7 16. Bxe7 Qxe7 17. Nf4 Nb6 18. Nce2 Nc4 19. Ka1 Bd7 20. b3 Nd6 21.
Qc5 a5 22. Rd2 Ra8 23. a3 a4 24. b4 Nc4 25. Bxc4 dxc4 26. Qxe7 Rxe7 27. Nc3 Ne6
28. Nxe6 Rxe6 29. d5 Rh6 30. Rcd1 Kf8 31. dxc6 Bxc6 32. Rd6 Rxd6 33. Rxd6 Rc8
34. e4 f6 35. f4 Ke7 36. Rd4 g5 37. fxg5 fxg5 38. Kb2 Ke6 39. Rd2 Rf8 40. Rh2
Ke5 41. Rd2 Rf3 42. Nxb5 Rb3+ 43. Kc1 Bxe4 0-1

[Event "First Saturday 2011 aprilis IM"]
[Site "Budapest"]
[Date "2011.04.05"]
[Round "4"]
[White "Brustkern, Juergen"]
[Black "Lengyel, Bela"]
[Result "0-1"]
[WhiteElo "2275"]
[BlackElo "2296"]
[PlyCount "92"]
[EventDate "2011.04.02"]

1. c4 e5 2. Nc3 Nf6 3. e3 Nc6 4. Nf3 Be7 5. d4 exd4 6. Nxd4 O-O 7. Be2 Bb4 8.
O-O Re8 9. a3 Bxc3 10. bxc3 d6 11. h3 Bd7 12. Rb1 Rb8 13. Bf3 Na5 14. Qd3 b6
15. Kh2 Re5 16. Rb5 c5 17. Rxa5 bxa5 18. Nb5 d5 19. a4 a6 20. Na3 Bf5 21. Qe2
Qc7 22. Kg1 Ne4 23. cxd5 Nxc3 24. Qc4 Ne4 25. Rd1 Qd6 26. Be2 Rb4 27. f4 Rxc4
28. Nxc4 Qg6 29. Nxe5 Qg3 30. Rf1 Bxh3 31. Bf3 Bf5 32. d6 Nxd6 33. Rd1 h6 34.
Bd2 Qh4 35. Bxa5 Qe7 36. Kf2 Bc2 37. Rd2 Ne4+ 38. Bxe4 Bxe4 39. Rd8+ Kh7 40.
Nf3 Qe6 41. Nd2 Bc6 42. Bb6 c4 43. Bd4 Qe7 44. Rc8 Qh4+ 45. Kg1 Bxg2 46. Rxc4
Bh3 0-1

[Event "First Saturday 2011 aprilis IM"]
[Site "Budapest"]
[Date "2011.04.05"]
[Round "4"]
[White "Nagy, Ervin dr"]
[Black "Battey, Alexander"]
[Result "0-1"]
[WhiteElo "2261"]
[BlackElo "2260"]
[PlyCount "40"]
[EventDate "2011.04.02"]

1. Nf3 f5 2. c4 Nf6 3. g3 g6 4. Bg2 Bg7 5. O-O O-O 6. Nc3 d6 7. d3 Nc6 8. Rb1
a5 9. Bd2 e5 10. Ne1 h6 11. a3 Be6 12. Nd5 Bf7 13. Nc2 Nxd5 14. cxd5 Ne7 15.
Qe1 Bxd5 16. Bxd5+ Nxd5 17. e4 Ne7 18. Bxa5 f4 19. f3 Qd7 20. Kg2 Qa4 0-1

[Event "First Saturday 2011 aprilis IM"]
[Site "Budapest"]
[Date "2011.04.05"]
[Round "4"]
[White "Kantor, Gergely"]
[Black "Tran, Tuan Minh"]
[Result "1/2-1/2"]
[WhiteElo "2147"]
[BlackElo "2295"]
[PlyCount "76"]
[EventDate "2011.04.02"]

1. d4 e6 2. c4 f5 3. g3 Nf6 4. Bg2 c6 5. Nf3 d5 6. O-O Bd6 7. Nc3 O-O 8. Qc2
Nbd7 9. cxd5 cxd5 10. Nb5 Bb8 11. Bf4 Bxf4 12. gxf4 Nb6 13. Qc7 Bd7 14. Qxd8
Rfxd8 15. Nc3 Rac8 16. Rfc1 Rc7 17. Ne5 Rdc8 18. Nd3 Nc4 19. Nd1 b6 20. b3 Nd6
21. Rxc7 Rxc7 22. Rc1 Rxc1 23. Nxc1 h6 24. h4 Kf8 25. Nc3 Nb5 26. Nxb5 Bxb5 27.
a4 Ba6 28. Bf3 Ke7 29. Na2 Kd6 30. Kf1 Ng8 31. Nb4 Bb7 32. Nd3 Ne7 33. Ne5 Nc6
34. Nxc6 Bxc6 35. Ke1 b5 36. axb5 Bxb5 37. Kd2 a5 38. Kc3 Ba6 1/2-1/2

[Event "First Saturday 2011 aprilis IM"]
[Site "Budapest"]
[Date "2011.04.05"]
[Round "4"]
[White "To, Nhat Minh"]
[Black "Papp, Petra"]
[Result "1-0"]
[WhiteElo "2345"]
[BlackElo "2230"]
[PlyCount "91"]
[EventDate "2011.04.02"]

1. Nf3 d5 2. d4 Nf6 3. c3 c5 4. a3 cxd4 5. cxd4 Nc6 6. Nc3 Bf5 7. Bf4 e6 8. Qb3
Qd7 9. e3 Be7 10. Ne5 Qc8 11. Rc1 O-O 12. Be2 Nd7 13. Nxc6 bxc6 14. Na4 f6 15.
O-O e5 16. Bg3 Be6 17. Qc3 c5 18. Nxc5 Nxc5 19. dxc5 Qc6 20. b4 a6 21. Rfd1
Rfd8 22. f4 e4 23. Be1 f5 24. Qb2 Bf6 25. Bc3 Kf7 26. Rd2 Rab8 27. Bh5+ Ke7 28.
Bxf6+ gxf6 29. Bd1 Rb7 30. Rd4 a5 31. Be2 Rdb8 32. b5 Rxb5 33. Bxb5 Rxb5 34.
Qc3 Qc7 35. Rd2 Bf7 36. Rb2 Be8 37. Rxb5 Bxb5 38. Rb1 Bc4 39. Qd4 Kf7 40. Rb6
Qe7 41. h3 Kg6 42. a4 h5 43. c6 Qc7 44. Rb7 Qc8 45. Qa7 Qf8 46. Qb8 1-0

[Event "First Saturday 2011 aprilis IM"]
[Site "Budapest"]
[Date "2011.04.05"]
[Round "4"]
[White "Csonka, Balazs"]
[Black "Hirneise, Tobias"]
[Result "1/2-1/2"]
[WhiteElo "2188"]
[BlackElo "2431"]
[PlyCount "53"]
[EventDate "2011.04.02"]

1. d4 d5 2. c4 c6 3. Nf3 Nf6 4. Nc3 dxc4 5. a4 Bf5 6. Ne5 Nbd7 7. Nxc4 Nb6 8.
Ne5 a5 9. Bg5 g6 10. e3 Bg7 11. Bd3 Be6 12. Be2 Nbd5 13. Bh4 Qb6 14. Nc4 Qa7
15. O-O O-O 16. Bg3 Nxc3 17. bxc3 Ne4 18. Qc2 Nxg3 19. hxg3 Rab8 20. Rfb1 b6
21. Rb2 Bxc4 22. Bxc4 e5 23. Rd1 exd4 24. cxd4 c5 25. Qb3 cxd4 26. exd4 b5 27.
Bxb5 1/2-1/2

[Event "First Saturday 2011 aprilis IM"]
[Site "Budapest"]
[Date "2011.04.05"]
[Round "4"]
[White "Oparin, Grigoriy"]
[Black "Lamorelle, Julien"]
[Result "0-1"]
[WhiteElo "2345"]
[BlackElo "2342"]
[PlyCount "60"]
[EventDate "2011.04.02"]

1. e4 c5 2. Nf3 e6 3. d4 cxd4 4. Nxd4 Nf6 5. Nc3 Nc6 6. Be2 d5 7. Bb5 Bd7 8.
exd5 exd5 9. O-O Be7 10. Re1 O-O 11. Bg5 Rc8 12. Qd3 Bc5 13. Bxc6 bxc6 14. Re3
h6 15. Bh4 g5 16. Rg3 Nh5 17. Nce2 Ng7 18. Qc3 Bxd4 19. Nxd4 c5 20. Bxg5 hxg5
21. Nf3 f6 22. h4 Nf5 23. Qd3 Rf7 24. Nxg5 fxg5 25. Rxg5+ Kf8 26. Qxd5 Qf6 27.
Re1 Nxh4 28. Re2 Nf5 29. Rh5 Nd4 30. Rd2 Bg4 0-1

[Event "First Saturday 2011 aprilis IM"]
[Site "Budapest"]
[Date "2011.04.06"]
[Round "5"]
[White "Lamorelle, Julien"]
[Black "Brustkern, Juergen"]
[Result "0-1"]
[WhiteElo "2342"]
[BlackElo "2275"]
[PlyCount "70"]
[EventDate "2011.04.02"]

1. e4 c5 2. Nf3 Nc6 3. d4 cxd4 4. Nxd4 Nf6 5. Nc3 d6 6. Bg5 e6 7. Qd2 a6 8.
O-O-O Bd7 9. f4 b5 10. Bxf6 gxf6 11. Kb1 Qb6 12. Nf3 O-O-O 13. g3 Be7 14. Bh3
Na5 15. Nd4 b4 16. Nce2 Kb8 17. b3 Rc8 18. Rc1 Rc5 19. c4 bxc3 20. Rxc3 Nc4 21.
Qd3 Na3+ 22. Kb2 Nb5 23. Rxc5 dxc5 24. Nxb5 Bxb5 25. Qc2 c4 26. Nc3 Rc8 27. Rc1
Qa5 28. a4 Be8 29. Bf1 cxb3 30. Qxb3+ Ka8 31. Ka2 Bxa4 32. Nxa4 Rxc1 33. Bc4
Qb4 34. Nb6+ Kb7 35. Na4 Rxc4 0-1

[Event "First Saturday 2011 aprilis IM"]
[Site "Budapest"]
[Date "2011.04.06"]
[Round "5"]
[White "Hirneise, Tobias"]
[Black "Oparin, Grigoriy"]
[Result "0-1"]
[WhiteElo "2431"]
[BlackElo "2345"]
[PlyCount "68"]
[EventDate "2011.04.02"]

1. e4 c5 2. Nf3 d6 3. d4 cxd4 4. Nxd4 Nf6 5. Nc3 a6 6. Be3 e6 7. g4 b5 8. g5
Nfd7 9. a3 Bb7 10. h4 Nc6 11. Nxc6 Bxc6 12. Qd4 Rc8 13. O-O-O Bb7 14. Kb1 Ne5
15. Qd2 Be7 16. f4 Nc4 17. Bxc4 Rxc4 18. Bd4 O-O 19. Rhg1 Qa8 20. Bf6 Bd8 21.
b3 Rc8 22. Qxd6 Ba5 23. b4 gxf6 24. bxa5 Rxc3 25. Qd4 Rc4 26. Qxf6 Bxe4 27. Rd2
b4 28. g6 hxg6 29. h5 bxa3 30. Rd6 Rxc2 31. Rxg6+ fxg6 32. Qxe6+ Rf7 33. hxg6
Rg2+ 34. Ka1 Rxg6 0-1

[Event "First Saturday 2011 aprilis IM"]
[Site "Budapest"]
[Date "2011.04.06"]
[Round "5"]
[White "Papp, Petra"]
[Black "Csonka, Balazs"]
[Result "0-1"]
[WhiteElo "2230"]
[BlackElo "2188"]
[PlyCount "118"]
[EventDate "2011.04.02"]

1. e4 c6 2. c4 d5 3. exd5 cxd5 4. cxd5 Nf6 5. Nc3 Nxd5 6. Nf3 Nc6 7. Bb5 Nxc3
8. bxc3 e6 9. O-O Bd6 10. d4 O-O 11. Bg5 Qc7 12. Qd3 b6 13. Ba4 Bb7 14. Bc2 g6
15. Rfe1 Rac8 16. h4 Nb4 17. cxb4 Qxc2 18. Qxc2 Rxc2 19. a3 Rfc8 20. Rec1 Rxc1+
21. Rxc1 Rxc1+ 22. Bxc1 Bxf3 23. gxf3 h5 24. b5 Be7 25. a4 Kf8 26. Bf4 Ke8 27.
Bg3 Kd7 28. Kf1 Bf6 29. Ke2 Bxd4 30. Kd3 Bc5 31. Ke4 Bd6 32. f4 f5+ 33. Kd4
Bc5+ 34. Kc4 Kd6 35. f3 Bg1 36. Kd3 Kd5 37. Kc3 Kc5 38. Be1 Bd4+ 39. Kb3 Be3
40. Bg3 Kd4 41. a5 Kc5 42. Ka4 Kc4 43. Be1 Bxf4 44. Bf2 Bc7 45. f4 Kd3 46. a6
Ke4 47. Bg1 e5 48. fxe5 Kxe5 49. Kb4 Kd5 50. Kb3 Ke4 51. Kc4 f4 52. Bf2 f3 53.
Bd4 Bf4 54. Bxb6 Be3 55. Bxe3 Kxe3 56. b6 f2 57. b7 f1=Q+ 58. Kc5 Qf8+ 59. Kc6
Qb8 0-1

[Event "First Saturday 2011 aprilis IM"]
[Site "Budapest"]
[Date "2011.04.06"]
[Round "5"]
[White "Tran, Tuan Minh"]
[Black "To, Nhat Minh"]
[Result "1/2-1/2"]
[WhiteElo "2295"]
[BlackElo "2345"]
[PlyCount "60"]
[EventDate "2011.04.02"]

1. d4 Nf6 2. Bf4 c5 3. e3 Nd5 4. Bxb8 Rxb8 5. e4 Nc7 6. Nf3 d5 7. exd5 Nxd5 8.
c4 Qa5+ 9. Nbd2 Nf6 10. d5 g6 11. Bd3 Bg7 12. O-O O-O 13. Re1 e6 14. dxe6 Bxe6
15. Qc2 Rbd8 16. Nb3 Qc7 17. h3 Bd7 18. Ng5 Ba4 19. Ne4 b6 20. Nxf6+ Bxf6 21.
Re2 Bxb2 22. Qxb2 Rxd3 23. Rae1 Bc6 24. Re5 Qd6 25. h4 h5 26. Qc1 Qf6 27. Qh6
Qxh4 28. Re6 fxe6 29. Qxg6+ Kh8 30. Qh6+ Kg8 1/2-1/2

[Event "First Saturday 2011 aprilis IM"]
[Site "Budapest"]
[Date "2011.04.06"]
[Round "5"]
[White "Battey, Alexander"]
[Black "Kantor, Gergely"]
[Result "1-0"]
[WhiteElo "2260"]
[BlackElo "2147"]
[PlyCount "115"]
[EventDate "2011.04.02"]

1. e4 e6 2. d4 d5 3. Nc3 Nf6 4. e5 Nfd7 5. f4 c5 6. Nf3 Nc6 7. Be3 a6 8. Qd2 b5
9. dxc5 Bxc5 10. Ne2 O-O 11. Ned4 Qb6 12. c3 b4 13. Bd3 f6 14. O-O Bb7 15. exf6
Nxf6 16. Kh1 h6 17. Rae1 Ne4 18. Qc1 Nxd4 19. cxd4 Bd6 20. Ne5 Qd8 21. Qd1 Bxe5
22. fxe5 Qh4 23. Kg1 Qe7 24. Qg4 Kh7 25. Rf3 g6 26. Ref1 Rf5 27. Qh3 Qg7 28. g4
Rxf3 29. Rxf3 Rf8 30. Rxf8 Qxf8 31. g5 Qf7 32. Qxh6+ Kg8 33. Qh3 Bc8 34. Qf1 a5
35. Qxf7+ Kxf7 36. Bb5 Ke7 37. Kf1 Bd7 38. Bd3 Be8 39. Ke1 Kd7 40. Bd2 Kc6 41.
Bf4 Bf7 42. h4 Be8 43. Ke2 Bf7 44. Kf3 Be8 45. Be3 Bf7 46. Be2 Kb6 47. Kg4 a4
48. h5 a3 49. bxa3 bxa3 50. h6 Bg8 51. Bd3 Kc6 52. Kf4 Nc3 53. Bxg6 Nxa2 54.
Be8+ Kc7 55. Bd2 Kd8 56. g6 Kxe8 57. h7 Kf8 58. h8=Q 1-0